Chicken soup for the teenage soul : Stories of life, love and learning
Being a teen is hard - but you are not alone. This book is filled with stories that will make you laugh and make you cry. It will act as a best friend, keep you company, motivate you, and reassure you that other teenagers have been through the same ups and downs and have come out okay.
Guardado en:
| Autor principal: | |
|---|---|
| Formato: | Libro |
| Lenguaje: | Undetermined |
| Publicado: |
Cos Cob, CT.
Backlist LLC, a unit of Chicken Soup for the Soul Publishing, LLC
2012
|
| Materias: | |
| Etiquetas: |
Agregar Etiqueta
Sin Etiquetas, Sea el primero en etiquetar este registro!
|
| Thư viện lưu trữ: | Trung tâm Học liệu Trường Đại học Cần Thơ |
|---|
| LEADER | 00988nam a2200205Ia 4500 | ||
|---|---|---|---|
| 001 | CTU_226069 | ||
| 008 | 210402s9999 xx 000 0 und d | ||
| 082 | |a 158.128 | ||
| 082 | |b C222 | ||
| 100 | |a Canfield, Jack | ||
| 245 | 0 | |a Chicken soup for the teenage soul : | |
| 245 | 0 | |b Stories of life, love and learning | |
| 245 | 0 | |c Jack Canfield, Mark Victor Hansen, Kimberly Kirberger | |
| 260 | |a Cos Cob, CT. | ||
| 260 | |b Backlist LLC, a unit of Chicken Soup for the Soul Publishing, LLC | ||
| 260 | |c 2012 | ||
| 520 | |a Being a teen is hard - but you are not alone. This book is filled with stories that will make you laugh and make you cry. It will act as a best friend, keep you company, motivate you, and reassure you that other teenagers have been through the same ups and downs and have come out okay. | ||
| 650 | |a Teenagers,Thanh thiếu niên | ||
| 650 | |x Conduct of life,Ứng xử trongcuộc sống | ||
| 980 | |a Trung tâm Học liệu Trường Đại học Cần Thơ | ||